000 00687nam a2200289Ia 4500
005 20260324130811.0
008 008 260324s9999 xx 000 0 eng d
020 _a9780203089224
037 _aEBOOK
040 _aCRL
040 _beng
040 _cCRL
041 _2eng
041 _aeng
084 _qCRL
100 _aJames Gow; Milena Michalski
_91183134
245 0 _aWar, Image and Legitimacy
245 0 _bViewing Contemporary Conflict
260 _bTaylor and Francis
260 _c2007
365 _a
365 _b240
856 _uhttp://www.taylorfrancis.com/books/9780203089224
942 _cEBOOK
999 _c1779650
_d1779650